[Event "GER S3G2 enginefrei email"]
[Site "GER email"]
[Date "2018.03.17"]
[Round "?"]
[White "Cremerius, Armin"]
[Black "Nonnenmacher, Thomas"]
[Result "0-1"]
[WhiteElo "1890"]
[BlackElo "1655"]
[PlyCount "46"]
[EventDate "2018.03.26"]
[EventType "tourn (corr)"]
[EventRounds "6"]
[EventCountry "GER"]
[SourceTitle "Corr 2020"]
[Source "ChessBase"]
[SourceDate "2019.09.30"]
[SourceVersion "1"]
[SourceVersionDate "2019.09.30"]
[SourceQuality "1"]

1. c4 e5 2. Nc3 Bb4 3. Nd5 Bc5 4. e3 c6 5. Nc3 Qe7 6. a3 Nf6 7. Nge2 Bb6 8. d4 d6 9. dxe5 dxe5 10. Qc2 0-0 11. Ng3 Nbd7 12. Be2 Re8 13. h4 e4 14. b4 a5 15. b5 Nc5 16. Bb2 Bc7 17. 0-0 Ng4 18. Bxg4 Bxg4 19. bxc6 bxc6 20. Na4 Nd3 21. h5 Nxb2 22. Nxb2 Qh4 23. c5 Re5 0-1

[Event "GER S3G2 enginefrei email"]
[Site "GER email"]
[Date "2018.03.17"]
[Round "?"]
[White "Reuter, Manfred"]
[Black "Nonnenmacher, Thomas"]
[Result "1/2-1/2"]
[WhiteElo "2068"]
[BlackElo "1655"]
[PlyCount "128"]
[EventDate "2018.03.26"]
[EventType "tourn (corr)"]
[EventRounds "6"]
[EventCountry "GER"]
[SourceTitle "Corr 2022"]
[Source "ChessBase"]
[SourceDate "2021.10.24"]
[SourceVersion "1"]
[SourceVersionDate "2021.10.24"]
[SourceQuality "1"]

1. d4 Nf6 2. c4 c5 3. d5 e6 4. Nf3 exd5 5. cxd5 d6 6. e4 g6 7. Bd3 Bg7 8. 0-0 0-0 9. h3 b5 10. Re1 c4 11. Bc2 Re8 12. a3 Nbd7 13. Nc3 Nc5 14. Bf4 Qb6 15. e5 dxe5 16. Bxe5 Bb7 17. Qd4 Rad8 18. d6 Nh5 19. Rad1 Re6 20. Nd5 Bxd5 21. Qxd5 Bxe5 22. Rxe5 Rexd6 23. Qxc5 Rxd1+ 24. Bxd1 Rxd1+ 25. Kh2 Qxc5 26. Rxc5 Rb1 27. Rxb5 c3 28. Rc5 cxb2 29. Rb5 Nf6 30. Nd2 Ra1 31. Rxb2 Rxa3 32. Nc4 Rc3 33. Ne3 a5 34. Rb5 a4 35. Ra5 a3 36. Nd1 Rb3 37. Ne3 Ne4 38. Nc4 Nxf2 39. Rxa3 Rxa3 40. Nxa3 f5 41. Kg3 Nd3 42. Kf3 g5 43. Nc4 Kg7 44. g4 f4 45. Ke4 Nc5+ 46. Kf5 f3 47. Ne3 f2 48. Nf1 h6 49. Ke5 Kg6 50. Kd4 Ne6+ 51. Ke3 Nf4 52. h4 Ng2+ 53. Kxf2 Nxh4 54. Kg3 Kf6 55. Ne3 Ke6 56. Kf2 Ke5 57. Kg3 Kd4 58. Kf2 Ke4 59. Nd1 Kf4 60. Ne3 Ng6 61. Nf5 Ne5 62. Nxh6 Nxg4+ 63. Nxg4 Kxg4 64. Kg2 Kf4 1/2-1/2

[Event "Kiel op-A 29th"]
[Site "Kiel"]
[Date "2016.07.30"]
[Round "2"]
[White "Nonnenmacher, Thomas"]
[Black "Kertesz, Oliver"]
[Result "1-0"]
[WhiteElo "2146"]
[BlackElo "1700"]
[PlyCount "89"]
[EventDate "2016.07.30"]
[EventType "swiss"]
[EventRounds "9"]
[EventCountry "GER"]
[SourceTitle "CBM 173 Extra"]
[Source "ChessBase"]
[SourceDate "2016.08.29"]
[SourceVersion "1"]
[SourceVersionDate "2016.08.29"]
[SourceQuality "1"]

1. c4 f5 2. g3 Nf6 3. Bg2 e6 4. Nc3 c6 5. d3 Be7 6. e4 fxe4 7. dxe4 e5 8. Nge2 d6 9. 0-0 Be6 10. b3 Nbd7 11. h3 0-0 12. Qd2 Qc7 13. Ba3 Ne8 14. Rac1 Qa5 15. Bb2 Rd8 16. Rcd1 Ndf6 17. Kh2 Nh5 18. Bc1 g5 19. Qc2 h6 20. Be3 Neg7 21. Qd2 Rf7 22. f3 Rdf8 23. Rc1 a6 24. Rfd1 Qc7 25. Qe1 Qc8 26. Na4 Rxf3 27. Nb6 Qd8 28. Bxf3 Rxf3 29. Ng1 Rxg3 30. Bf2 g4 31. Bxg3 Nxg3 32. Qxg3 Bh4 33. Qg2 Qxb6 34. hxg4 Qe3 35. Rf1 Kh7 36. Rcd1 Qg5 37. Nh3 Qg6 38. Rxd6 Be7 39. Rxe6 Qxe6 40. Qf3 Kg6 41. Rd1 Bc5 42. Qf5+ Qxf5 43. gxf5+ Kf6 44. Rd7 b5 45. Rc7 1-0

[Event "GER-Cup22 E/V01 email"]
[Site "GER email"]
[Date "2014.05.12"]
[Round "?"]
[White "Wagner, Bodo"]
[Black "Nonnenmacher, Thomas"]
[Result "1-0"]
[WhiteElo "2061"]
[BlackElo "1655"]
[PlyCount "69"]
[EventDate "2014.05.19"]
[EventType "tourn (corr)"]
[EventRounds "4"]
[EventCountry "GER"]
[SourceTitle "Corr 2020"]
[Source "ChessBase"]
[SourceDate "2019.09.30"]
[SourceVersion "1"]
[SourceVersionDate "2019.09.30"]
[SourceQuality "1"]

1. c4 e5 2. Nc3 Bb4 3. Nd5 Bc5 4. Nf3 c6 5. Nc3 d6 6. d4 exd4 7. Nxd4 Nf6 8. e3 0-0 9. Be2 Bb6 10. 0-0 Na6 11. a3 Nc5 12. b4 Nce4 13. Qc2 Nxc3 14. Qxc3 Ne4 15. Qd3 Re8 16. Bb2 Qh4 17. Qc2 Bd7 18. Rad1 Rad8 19. Ba1 Qh6 20. Bd3 d5 21. Rfe1 Bc7 22. g3 Ng5 23. f4 Nh3+ 24. Kf1 dxc4 25. Bf5 Bxf5 26. Qxf5 Rd5 27. Qg4 Qh5 28. Qxh5 Rxh5 29. Nf3 Re7 30. Ne5 f6 31. Nxc4 c5 32. Nd6 cxb4 33. axb4 Bb6 34. g4 Rh6 35. Nf5 1-0

[Event "GER T197-A57-S email"]
[Site "GER email"]
[Date "2014.05.08"]
[Round "?"]
[White "Firsching, Guenter"]
[Black "Nonnenmacher, Thomas"]
[Result "1-0"]
[WhiteElo "2070"]
[BlackElo "1655"]
[PlyCount "81"]
[EventDate "2014.05.16"]
[EventType "tourn (corr)"]
[EventRounds "8"]
[EventCountry "GER"]
[SourceTitle "Corr 2020"]
[Source "ChessBase"]
[SourceDate "2019.09.30"]
[SourceVersion "1"]
[SourceVersionDate "2019.09.30"]
[SourceQuality "1"]

1. d4 Nf6 2. c4 c5 3. d5 b5 4. Nf3 g6 5. cxb5 a6 6. b6 d6 7. Nc3 Bg7 8. e4 0-0 9. a4 a5 10. Bb5 Nfd7 11. 0-0 Nxb6 12. Re1 Na6 13. Bf4 Nb4 14. h3 Ba6 15. Qe2 Bxb5 16. axb5 c4 17. Red1 Qc7 18. Be3 Nd3 19. Nd4 a4 20. Ra3 Qb7 21. Rda1 Rfe8 22. h4 h5 23. g4 hxg4 24. Qxg4 Nd7 25. Nc6 Bxc3 26. bxc3 N7e5 27. Nxe5 Nxe5 28. Qg2 Qxb5 29. f4 Nd7 30. h5 Kg7 31. R3a2 Rg8 32. Rb2 Qa6 33. hxg6 Kf8 34. f5 a3 35. Rba2 Qb5 36. g7+ Ke8 37. Rxa3 Rb8 38. Bd4 Ne5 39. Ra5 Qd7 40. Ra7 Qb5 41. Qg3 1-0

[Event "GER T197-A57-S email"]
[Site "GER email"]
[Date "2014.05.08"]
[Round "?"]
[White "Hoexter, Heinrich"]
[Black "Nonnenmacher, Thomas"]
[Result "1-0"]
[WhiteElo "2061"]
[BlackElo "1655"]
[PlyCount "103"]
[EventDate "2014.05.16"]
[EventType "tourn (corr)"]
[EventRounds "8"]
[EventCountry "GER"]
[SourceTitle "Corr 2020"]
[Source "ChessBase"]
[SourceDate "2019.09.30"]
[SourceVersion "1"]
[SourceVersionDate "2019.09.30"]
[SourceQuality "1"]

1. d4 Nf6 2. c4 c5 3. d5 b5 4. Nf3 g6 5. cxb5 a6 6. Qc2 axb5 7. e4 Qa5+ 8. Bd2 b4 9. Na3 Ba6 10. Nc4 Qc7 11. Bd3 Bg7 12. 0-0 0-0 13. a3 d6 14. axb4 cxb4 15. Rfc1 Nbd7 16. Bxb4 Rfc8 17. Na5 Qxc2 18. Bxc2 Nxd5 19. exd5 Bxb2 20. Nc6 Kf8 21. Bd2 Bxa1 22. Rxa1 Bb5 23. Re1 Bxc6 24. Bh6+ Ke8 25. dxc6 Nc5 26. Nd4 Kd8 27. f4 e6 28. Bd1 Kc7 29. Bf3 Rcb8 30. Rd1 Nb3 31. Bg7 Nxd4 32. Rxd4 Rb1+ 33. Kf2 Rb5 34. Kg3 Raa5 35. h3 Ra2 36. Kh4 Ra8 37. Kg3 Raa5 38. Bf8 d5 39. Kg4 Kxc6 40. Kg5 Ra8 41. Bg7 Kc5 42. Be5 Ra2 43. Rd1 Rb4 44. Rc1+ Rc4 45. Rb1 Rca4 46. Kf6 Ra7 47. Rc1+ Kb5 48. h4 h5 49. f5 exf5 50. Bxd5 R2a6+ 51. Kg5 Ra3 52. Bf4 1-0

[Event "GER T197-A57-S email"]
[Site "GER email"]
[Date "2014.05.08"]
[Round "?"]
[White "Nonnenmacher, Thomas"]
[Black "Firsching, Guenter"]
[Result "0-1"]
[WhiteElo "1655"]
[BlackElo "2070"]
[PlyCount "38"]
[EventDate "2014.05.16"]
[EventType "tourn (corr)"]
[EventRounds "8"]
[EventCountry "GER"]
[SourceTitle "Corr 2020"]
[Source "ChessBase"]
[SourceDate "2019.09.30"]
[SourceVersion "1"]
[SourceVersionDate "2019.09.30"]
[SourceQuality "1"]

1. d4 Nf6 2. c4 c5 3. d5 b5 4. Nf3 g6 5. cxb5 a6 6. e3 Bg7 7. Nc3 0-0 8. a4 e6 9. dxe6 fxe6 10. Qd6 Bb7 11. Ra3 Nd5 12. Nxd5 Bxd5 13. Qxc5 axb5 14. axb5 Na6 15. Qd6 Nc5 16. Be2 Rxa3 17. bxa3 Bc3+ 18. Kf1 Qc8 19. b6 Nb3 0-1

[Event "GER T191-C63-S email"]
[Site "GER email"]
[Date "2014.03.24"]
[Round "?"]
[White "Nonnenmacher, Thomas"]
[Black "Schoenberger, Kay"]
[Result "1/2-1/2"]
[WhiteElo "1655"]
[BlackElo "2038"]
[PlyCount "66"]
[EventDate "2014.03.31"]
[EventType "tourn (corr)"]
[EventRounds "8"]
[EventCountry "GER"]
[SourceTitle "Corr 2020"]
[Source "ChessBase"]
[SourceDate "2019.09.30"]
[SourceVersion "1"]
[SourceVersionDate "2019.09.30"]
[SourceQuality "1"]

1. e4 e5 2. Nf3 Nc6 3. Bb5 f5 4. Nc3 fxe4 5. Nxe4 Nf6 6. Nxf6+ Qxf6 7. Qe2 Be7 8. Bxc6 dxc6 9. Nxe5 0-0 10. 0-0 Be6 11. d4 c5 12. Be3 Rad8 13. Rad1 Qf5 14. b3 a5 15. c4 a4 16. h3 Qe4 17. f3 Qf5 18. g4 Qf6 19. f4 cxd4 20. Bxd4 Rxd4 21. Rxd4 Bc5 22. Qe4 h5 23. Kg2 Bxd4 24. Qxd4 hxg4 25. hxg4 Bxg4 26. Qd5+ Be6 27. Qxb7 Rd8 28. Qf3 Qh4 29. Kg1 Bf5 30. Qf2 Qh3 31. Qf3 Qh4 32. Qf2 Qh3 33. Qf3 Qh4 1/2-1/2

[Event "GER Server Cup16 final email"]
[Site "GER email"]
[Date "2013.11.23"]
[Round "?"]
[White "Brandl, Alexander"]
[Black "Nonnenmacher, Thomas"]
[Result "0-1"]
[WhiteElo "1795"]
[BlackElo "1655"]
[PlyCount "38"]
[EventDate "2013.12.02"]
[EventType "tourn (corr)"]
[EventRounds "5"]
[EventCountry "GER"]
[SourceTitle "Corr 2020"]
[Source "ChessBase"]
[SourceDate "2019.09.30"]
[SourceVersion "1"]
[SourceVersionDate "2019.09.30"]
[SourceQuality "1"]

1. d4 Nf6 2. Nf3 c5 3. c3 b6 4. Bf4 Bb7 5. e3 g6 6. Nbd2 Bg7 7. h3 0-0 8. Be2 d6 9. 0-0 Nbd7 10. Bh2 Rc8 11. a4 a6 12. b4 cxb4 13. cxb4 Nd5 14. b5 Nc3 15. Qe1 axb5 16. axb5 e5 17. Ra7 Rc7 18. Nc4 Nxe2+ 19. Qxe2 Bxf3 0-1

[Event "Oberliga Nord N 1314"]
[Site "Germany"]
[Date "2013.10.13"]
[Round "1.4"]
[White "Nonnenmacher, Thomas"]
[Black "Richter, Maik"]
[Result "0-1"]
[WhiteElo "2142"]
[BlackElo "2218"]
[PlyCount "78"]
[EventDate "2013.10.13"]
[EventType "team-tourn"]
[EventRounds "9"]
[EventCountry "GER"]
[SourceTitle "EXT 2015"]
[Source "ChessBase"]
[SourceDate "2014.11.20"]
[SourceVersion "1"]
[SourceVersionDate "2014.11.20"]
[SourceQuality "1"]
[WhiteTeam "Pinneberg"]
[BlackTeam "St Pauli"]
[WhiteTeamCountry "GER"]
[BlackTeamCountry "GER"]

1. c4 g6 2. g3 Bg7 3. Bg2 e5 4. Nc3 Ne7 5. e3 0-0 6. Nge2 d6 7. 0-0 c6 8. d4 f5 9. b3 e4 10. Ba3 Qc7 11. f3 exf3 12. Bxf3 Nd7 13. e4 Nf6 14. c5 dxc5 15. e5 Nd7 16. Nf4 Qa5 17. Qc1 Re8 18. Ne6 cxd4 19. b4 Qxe5 20. Re1 Qd6 21. b5 c5 22. Nxg7 Kxg7 23. Na4 Ne5 24. Bg2 Nd3 25. Qd2 Nxe1 26. Rxe1 Kg8 27. Nxc5 Bd7 28. Bb4 Nd5 29. Rxe8+ Bxe8 30. Qxd4 Bf7 31. Bc3 Kf8 32. Bxd5 Qxd5 33. Qh8+ Ke7 34. Qf6+ Ke8 35. Qh8+ Ke7 36. Qf6+ Ke8 37. Qh8+ Bg8 38. Nxb7 Kd7 39. Qg7+ Bf7 0-1

[Event "BL2-Nord 1213"]
[Site "Germany"]
[Date "2013.04.14"]
[Round "9.6"]
[White "Skibbe, Willi"]
[Black "Nonnenmacher, Thomas"]
[Result "1-0"]
[WhiteElo "2251"]
[BlackElo "2143"]
[PlyCount "81"]
[EventDate "2012.10.14"]
[EventType "team-tourn"]
[EventRounds "9"]
[EventCountry "GER"]
[SourceTitle "CBM 154 Extra"]
[Source "ChessBase"]
[SourceDate "2013.06.25"]
[SourceVersion "2"]
[SourceVersionDate "2013.06.25"]
[SourceQuality "1"]
[WhiteTeam "Rostock SSC 07"]
[BlackTeam "Pinneberg"]
[WhiteTeamCountry "GER"]
[BlackTeamCountry "GER"]

1. Nf3 Nf6 2. c4 c5 3. Nc3 g6 4. e3 Bg7 5. d4 b6 6. Be2 Bb7 7. d5 d6 8. 0-0 0-0 9. e4 e5 10. Ne1 Nfd7 11. Nd3 Qe7 12. f4 exf4 13. Bxf4 Ne5 14. Nxe5 Bxe5 15. Bg4 Bc8 16. Bxc8 Rxc8 17. Qf3 Nd7 18. Bxe5 Nxe5 19. Qf6 Re8 20. b3 Rad8 21. a4 a5 22. Qf4 Kg7 23. Ra2 Rf8 24. Qg3 Qd7 25. h3 Qe7 26. Raf2 h6 27. Nb5 Rd7 28. Rf6 Re8 29. Qh4 Qd8 30. Nc3 Rh8 31. Ne2 Rf8 32. Ng3 Rh8 33. Qf4 Qe7 34. Kh1 Kf8 35. Re6 Qg5 36. Qf6 Rh7 37. Rxd6 Rxd6 38. Qxd6+ Kg7 39. Nf5+ gxf5 40. Qxe5+ Kg6 41. exf5+ 1-0

[Event "GER Liga Q Server-18 email"]
[Site "GER email"]
[Date "2012.10.14"]
[Round "?"]
[White "Nonnenmacher, Thomas"]
[Black "Harf, Heinz"]
[Result "1-0"]
[WhiteElo "1655"]
[BlackElo "1984"]
[PlyCount "45"]
[EventDate "2012.10.18"]
[EventType "tourn (corr)"]
[EventRounds "6"]
[EventCountry "GER"]
[SourceTitle "Corr 2015"]
[Source "ChessBase"]
[SourceDate "2015.07.17"]
[SourceVersion "1"]
[SourceVersionDate "2015.07.17"]
[SourceQuality "1"]

1. c4 e6 2. Nc3 Nf6 3. e4 c5 4. e5 Ng8 5. Nf3 Nc6 6. d4 cxd4 7. Nxd4 Qc7 8. f4 a6 9. Be3 Bc5 10. Nxe6 dxe6 11. Bxc5 b6 12. Bd6 Qa7 13. Be2 Nge7 14. Bf3 Qd7 15. 0-0 Nf5 16. Na4 Qb7 17. Qd2 Nxd6 18. Qxd6 Bd7 19. c5 Qb8 20. Rad1 Qb7 21. Nxb6 Ra7 22. Nxd7 Kd8 23. Nb6+ 1-0

[Event "GER Liga Q Server-18 email"]
[Site "GER email"]
[Date "2012.10.14"]
[Round "?"]
[White "Wedrychowski, Lukas"]
[Black "Nonnenmacher, Thomas"]
[Result "0-1"]
[WhiteElo "1473"]
[BlackElo "1655"]
[PlyCount "26"]
[EventDate "2012.10.18"]
[EventType "tourn (corr)"]
[EventRounds "6"]
[EventCountry "GER"]
[SourceTitle "Corr 2015"]
[Source "ChessBase"]
[SourceDate "2015.07.17"]
[SourceVersion "1"]
[SourceVersionDate "2015.07.17"]
[SourceQuality "1"]

1. d4 Nf6 2. c4 c5 3. d5 e6 4. Nc3 exd5 5. cxd5 d6 6. g3 g6 7. Bg2 Bg7 8. Nf3 0-0 9. Nd2 a6 10. a4 Nbd7 11. 0-0 Re8 12. h3 Rb8 13. Nc4 Ne5 0-1

[Event "Oberliga Nord N 0910"]
[Site "Germany"]
[Date "2010.04.11"]
[Round "9.4"]
[White "Nonnenmacher, Thomas"]
[Black "Bracker, Arne"]
[Result "0-1"]
[WhiteElo "2131"]
[BlackElo "2219"]
[PlyCount "64"]
[EventDate "2009.10.18"]
[EventType "team-tourn"]
[EventRounds "9"]
[EventCountry "GER"]
[SourceTitle "EXT 2011"]
[Source "ChessBase"]
[SourceDate "2010.11.26"]
[SourceVersion "1"]
[SourceVersionDate "2010.11.26"]
[SourceQuality "1"]
[WhiteTeam "Pinneberg"]
[BlackTeam "Hamburger SK"]
[WhiteTeamCountry "GER"]
[BlackTeamCountry "GER"]

1. c4 g6 2. Nc3 Bg7 3. g3 Nf6 4. Bg2 0-0 5. e4 d6 6. Nge2 c5 7. 0-0 Nc6 8. d3 Ne8 9. Be3 a6 10. Qd2 Rb8 11. Bh6 b5 12. Bxg7 Kxg7 13. f4 Bd7 14. h3 Nc7 15. g4 Ne6 16. Ng3 Ned4 17. cxb5 axb5 18. f5 f6 19. h4 Ne5 20. g5 fxg5 21. Qxg5 h6 22. Nh5+ Kh7 23. fxg6+ Nxg6 24. Qd2 Ne5 25. Nf4 Bg4 26. Kh2 e6 27. Qf2 b4 28. Nd1 Be2 29. Ne3 Bxf1 30. Rxf1 Nxd3 31. Qg3 Nxf4 32. Rxf4 Ne2 0-1

[Event "Oberliga Nord N 0910"]
[Site "Germany"]
[Date "2009.11.29"]
[Round "3.5"]
[White "Nonnenmacher, Thomas"]
[Black "Kevorkov, Artur"]
[Result "0-1"]
[WhiteElo "2131"]
[BlackElo "2248"]
[PlyCount "96"]
[EventDate "2009.10.18"]
[EventType "team-tourn"]
[EventRounds "9"]
[EventCountry "GER"]
[SourceTitle "EXT 2011"]
[Source "ChessBase"]
[SourceDate "2010.11.26"]
[SourceVersion "1"]
[SourceVersionDate "2010.11.26"]
[SourceQuality "1"]
[WhiteTeam "Pinneberg"]
[BlackTeam "Luebeck"]
[WhiteTeamCountry "GER"]
[BlackTeamCountry "GER"]

1. c4 e5 2. Nc3 Nf6 3. g3 c6 4. d4 d6 5. Bg2 Be7 6. e4 0-0 7. Nge2 Nbd7 8. 0-0 Qb6 9. h3 exd4 10. Nxd4 Ne5 11. b3 Rd8 12. Be3 Qa5 13. Nde2 Ne8 14. f4 Ng6 15. Qd2 Bf6 16. Rad1 Be7 17. g4 Qc7 18. f5 Ne5 19. g5 f6 20. h4 a6 21. Na4 b5 22. Bb6 Qb7 23. Bxd8 Bxd8 24. Nb2 Bb6+ 25. Kh1 Qa7 26. Nd4 Qf7 27. Qe2 Qa7 28. Nc2 Qe7 29. Nd3 fxg5 30. Nxe5 dxe5 31. Rd3 gxh4 32. Rfd1 Qg5 33. Rh3 Nf6 34. b4 Nh5 35. Qf3 Nf4 36. Rh2 bxc4 37. Qf1 Nd3 38. Bf3 Qg3 39. Rdd2 h3 40. Be2 Bd7 41. Bxd3 cxd3 42. Rxh3 Qg4 43. Rhxd3 Qxe4+ 44. Qg2 Bxf5 45. Rf3 Rf8 46. Re2 Qh4+ 47. Qh2 Qg4 48. Qg3 Be4 0-1

[Event "Pinneberg-ch"]
[Site "Pinneberg"]
[Date "2009.09.03"]
[Round "2"]
[White "Nonnenmacher, Thomas"]
[Black "Knaak, Michael"]
[Result "0-1"]
[WhiteElo "2213"]
[BlackElo "2022"]
[PlyCount "50"]
[EventDate "2009.08.27"]
[EventType "swiss"]
[EventRounds "7"]
[EventCountry "GER"]
[SourceTitle "EXT 2012"]
[Source "ChessBase"]
[SourceDate "2011.11.24"]
[SourceVersion "1"]
[SourceVersionDate "2011.11.24"]
[SourceQuality "1"]

1. c4 c5 2. Nf3 Nf6 3. d4 cxd4 4. Nxd4 e5 5. Nb5 d5 6. cxd5 Bc5 7. e3 0-0 8. N5c3 e4 9. Be2 Re8 10. 0-0 Nbd7 11. a3 Nb6 12. b4 Bd6 13. Bb2 Bf5 14. Qd2 Bg4 15. f3 exf3 16. gxf3 Bh3 17. Rf2 Nfxd5 18. Nxd5 Qg5+ 19. Kh1 Qxd5 20. Qxd5 Nxd5 21. e4 Nf4 22. Bb5 Rec8 23. Nc3 a6 24. Be2 Be5 25. Rc1 Bd4 0-1

[Event "Harburg-chB 7th"]
[Site "Hamburg"]
[Date "2009.07.05"]
[Round "5"]
[White "Juergens, Bernhard"]
[Black "Nonnenmacher, Thomas"]
[Result "1/2-1/2"]
[WhiteElo "2105"]
[BlackElo "2144"]
[PlyCount "52"]
[EventDate "2009.07.03"]
[EventType "tourn"]
[EventRounds "5"]
[EventCountry "GER"]
[SourceTitle "EXT 2010"]
[Source "ChessBase"]
[SourceDate "2010.11.25"]
[SourceVersion "1"]
[SourceVersionDate "2010.11.25"]
[SourceQuality "1"]

1. e4 Nf6 2. Nc3 d5 3. e5 Nfd7 4. Nxd5 Nxe5 5. Ne3 c5 6. b3 Nec6 7. f4 g6 8. Bb2 Nd4 9. c3 Ndc6 10. Nf3 Bg7 11. Qc2 e6 12. g3 b6 13. Bg2 Bb7 14. 0-0 0-0 15. a3 Nd7 16. Rad1 Rc8 17. Rfe1 b5 18. c4 a6 19. Bxg7 Kxg7 20. Qb2+ Qf6 21. Qxf6+ Nxf6 22. d4 Ne7 23. Ne5 Bxg2 24. Kxg2 bxc4 25. N3xc4 cxd4 26. Rxd4 Nfd5 1/2-1/2

[Event "Harburg-chB 7th"]
[Site "Hamburg"]
[Date "2009.07.04"]
[Round "2"]
[White "Nonnenmacher, Thomas"]
[Black "Meyner, Hannes"]
[Result "1/2-1/2"]
[WhiteElo "2144"]
[BlackElo "2101"]
[PlyCount "30"]
[EventDate "2009.07.03"]
[EventType "tourn"]
[EventRounds "5"]
[EventCountry "GER"]
[SourceTitle "EXT 2010"]
[Source "ChessBase"]
[SourceDate "2010.11.25"]
[SourceVersion "1"]
[SourceVersionDate "2010.11.25"]
[SourceQuality "1"]

1. c4 c6 2. b3 d5 3. Bb2 Nf6 4. Nf3 Bg4 5. e3 Nbd7 6. Be2 e6 7. 0-0 Bd6 8. d4 Ne4 9. Nbd2 f5 10. Ne5 Bxe2 11. Qxe2 0-0 12. f3 Nxd2 13. Qxd2 Qc7 14. Qc3 Rac8 15. Rac1 Qd8 1/2-1/2